Separation Process Principles / (Record no. 565408)
[ view plain ]
| 000 -LEADER | |
|---|---|
| fixed length control field | 00376nam a2200133Ia 4500 |
| 008 - FIXED-LENGTH DATA ELEMENTS--GENERAL INFORMATION | |
| fixed length control field | 210430s9999 xx 000 0 und d |
| 020 ## - INTERNATIONAL STANDARD BOOK NUMBER | |
| International Standard Book Number | 81-265-0927-9 |
| 082 ## - DEWEY DECIMAL CLASSIFICATION NUMBER | |
| Classification number | 660.2842 S4381S |
| 100 ## - MAIN ENTRY--PERSONAL NAME | |
| Personal name | J.D. Seader, Ernest J. Henley |
| 9 (RLIN) | 54672 |
| 245 ## - TITLE STATEMENT | |
| Title | Separation Process Principles / |
| Statement of responsibility, etc. | J.D. Seader, Ernest J. Henley |
| 250 ## - EDITION STATEMENT | |
| Edition statement | 2nd edition |
| 300 ## - PHYSICAL DESCRIPTION | |
| Extent | 756 |
| 942 ## - ADDED ENTRY ELEMENTS (KOHA) | |
| Koha item type | Book |
| Source of classification or shelving scheme | |
| Withdrawn status | Lost status | Source of classification or shelving scheme | Damaged status | Not for loan | Permanent Location | Current Location | Shelving location | Date acquired | Full call number | Barcode | Date last seen | Price effective from | Koha item type |
|---|---|---|---|---|---|---|---|---|---|---|---|---|---|
| School of Chemical & Materials Engineering (SCME) | School of Chemical & Materials Engineering (SCME) | General Stacks | 05/15/9 | 660.2842 S4381S | SCME-4629 | 04/30/2021 | 04/30/2021 | Book |
